<?xml version="1.0" encoding="UTF-8"?>
<record
    xmlns:xsi="http://www.w3.org/2001/XMLSchema-instance"
    xsi:schemaLocation="http://www.loc.gov/MARC21/slim http://www.loc.gov/standards/marcxml/schema/MARC21slim.xsd"
    xmlns="http://www.loc.gov/MARC21/slim">

  <leader>02213nam a2200301   4500</leader>
  <controlfield tag="001">219</controlfield>
  <controlfield tag="003">OSt</controlfield>
  <controlfield tag="005">20250528074015.0</controlfield>
  <controlfield tag="008">250203b        |||||||e |||| 00| 1 eng d</controlfield>
  <datafield tag="040" ind1=" " ind2=" ">
    <subfield code="b">por</subfield>
  </datafield>
  <datafield tag="041" ind1=" " ind2=" ">
    <subfield code="h">fre</subfield>
    <subfield code="a">por</subfield>
  </datafield>
  <datafield tag="082" ind1=" " ind2=" ">
    <subfield code="a">843</subfield>
    <subfield code="b">D952a</subfield>
  </datafield>
  <datafield tag="100" ind1="1" ind2=" ">
    <subfield code="a">Duras, Marguerite,</subfield>
    <subfield code="d">1914-1996</subfield>
    <subfield code="9">406</subfield>
  </datafield>
  <datafield tag="240" ind1=" " ind2=" ">
    <subfield code="a">L&#xB4;amant</subfield>
  </datafield>
  <datafield tag="245" ind1=" " ind2=" ">
    <subfield code="a">O amante / </subfield>
    <subfield code="c">Duras, Marguerite ; Tradu&#xE7;&#xE3;o de Aulyde Soares Rodrigues</subfield>
  </datafield>
  <datafield tag="260" ind1=" " ind2=" ">
    <subfield code="a">S&#xE3;o Paulo</subfield>
    <subfield code="b">C&#xED;rculo do Livro</subfield>
    <subfield code="c">1988</subfield>
  </datafield>
  <datafield tag="300" ind1=" " ind2=" ">
    <subfield code="a">114 p. </subfield>
  </datafield>
  <datafield tag="520" ind1=" " ind2=" ">
    <subfield code="a">Considerado o livro mais autobiogr&#xE1;fico da escritora, dramaturga e cineasta Marguerite Duras (1914-1996), O amante, escrito em 1984, recebeu o Pr&#xEA;mio Goncourt, o mais importante da literatura francesa e se consagrou como sua obra mais c&#xE9;lebre. O romance narra um epis&#xF3;dio da adolesc&#xEA;ncia de Duras: sua inicia&#xE7;&#xE3;o sexual, aos quinze anos e meio, com um chin&#xEA;s rico de Saigon.

Se as personagens e fatos s&#xE3;o ver&#xED;dicos, a escrita os transfigura e transcende; n&#xE3;o sabemos em que medida a hist&#xF3;ria &#xE9; verdadeira. Os encontros amorosos s&#xE3;o, ao mesmo tempo, intensamente prazerosos e infinitamente tristes; a vida da fam&#xED;lia contrap&#xF5;e amor e &#xF3;dio, mis&#xE9;ria material e riqueza afetiva.

A presen&#xE7;a da m&#xE3;e, sua desgra&#xE7;a financeira e moral, do irm&#xE3;o mais velho, drogado, cruel e venal, e do irm&#xE3;o mais novo, fr&#xE1;gil e oprimido, constituem uma exist&#xEA;ncia predominantemente triste, e por vezes tr&#xE1;gica, de onde Duras extrai um esplendor art&#xED;stico que se reflete em sua pr&#xF3;pria pessoa - personagem enigm&#xE1;tica, quase de fic&#xE7;&#xE3;o.

Tem sido dito que ler este livro &#xE9; como folhear um &#xE1;lbum de fotografias - a narrativa se desenrola em torno de uma s&#xE9;rie de imagens fascinantes. Esse trabalho primoroso com as imagens tamb&#xE9;m pode ser verificado nos mais de vinte filmes dirigidos por Duras e na possibilidade de seus textos se transformarem em filmes, como o fez Jean-Jacques Annaud com O amante em 1991.</subfield>
  </datafield>
  <datafield tag="650" ind1=" " ind2="0">
    <subfield code="a">Literatura francesa</subfield>
    <subfield code="9">122</subfield>
  </datafield>
  <datafield tag="650" ind1=" " ind2="0">
    <subfield code="a">Amor e Paix&#xE3;o</subfield>
    <subfield code="9">25</subfield>
  </datafield>
  <datafield tag="650" ind1=" " ind2="0">
    <subfield code="a">Hist&#xF3;rico</subfield>
    <subfield code="9">53</subfield>
  </datafield>
  <datafield tag="650" ind1=" " ind2="0">
    <subfield code="a">Cl&#xE1;ssicos</subfield>
    <subfield code="9">77</subfield>
  </datafield>
  <datafield tag="650" ind1=" " ind2="0">
    <subfield code="a">Filme</subfield>
    <subfield code="9">26</subfield>
  </datafield>
  <datafield tag="655" ind1=" " ind2="0">
    <subfield code="a">Romance</subfield>
    <subfield code="9">23</subfield>
  </datafield>
  <datafield tag="655" ind1=" " ind2="0">
    <subfield code="a">Fic&#xE7;&#xE3;o </subfield>
    <subfield code="9">22</subfield>
  </datafield>
  <datafield tag="700" ind1=" " ind2=" ">
    <subfield code="a">Aulyde Soares Rodrigues</subfield>
    <subfield code="e">Tradutor</subfield>
    <subfield code="9">302</subfield>
  </datafield>
  <datafield tag="942" ind1=" " ind2=" ">
    <subfield code="2">ddc</subfield>
    <subfield code="n">0</subfield>
    <subfield code="c">BK</subfield>
  </datafield>
  <datafield tag="952" ind1=" " ind2=" ">
    <subfield code="0">0</subfield>
    <subfield code="1">0</subfield>
    <subfield code="2">ddc</subfield>
    <subfield code="4">0</subfield>
    <subfield code="7">0</subfield>
    <subfield code="8">FIC</subfield>
    <subfield code="a">BIBIB</subfield>
    <subfield code="b">BIBIB</subfield>
    <subfield code="c">LE</subfield>
    <subfield code="d">2017-05-24</subfield>
    <subfield code="e">doa&#xE7;&#xE3;o</subfield>
    <subfield code="l">0</subfield>
    <subfield code="o">843 / D952a</subfield>
    <subfield code="p">2025-15673</subfield>
    <subfield code="r">2025-01-31 07:47:58</subfield>
    <subfield code="w">2025-01-31</subfield>
    <subfield code="y">BK</subfield>
  </datafield>
  <datafield tag="999" ind1=" " ind2=" ">
    <subfield code="c">219</subfield>
    <subfield code="d">219</subfield>
  </datafield>
</record>
